Poisťovníctvo je kyslíkom a pľúcami ekonomiky bez možnosti poistiť riziká by nenastal novodobý rozvoj podnikania

Poistenie ako dôležitá zmluva, ktorá tvorí základ stratégie riadenia rizík majiteľa firmy. Ochrana podnikateľov, ich zamestnancov a celého hospodárstva. Zníženie zaťaženia štátu, obzvlášť v prípade prírodných katastrof. Výber a cena poistky, ale najmä kvalita poistenia a šírka pokrytia.

Na minha lista:
Detalhes bibliográficos
Autor principal: Manning, Allan
Formato: Capítulo de Livro
Idioma:eslovaco
Assuntos:
Tags: Adicionar Tag
Sem tags, seja o primeiro a adicionar uma tag!

MARC

LEADER 00000naa a2200000 4500
001 0200813
005 20220725111542.5
041 0 |a slo 
044 |a SK 
245 1 0 |a Poisťovníctvo je kyslíkom a pľúcami ekonomiky  |b bez možnosti poistiť riziká by nenastal novodobý rozvoj podnikania  |c Allan Manning 
520 |a Poistenie ako dôležitá zmluva, ktorá tvorí základ stratégie riadenia rizík majiteľa firmy. Ochrana podnikateľov, ich zamestnancov a celého hospodárstva. Zníženie zaťaženia štátu, obzvlášť v prípade prírodných katastrof. Výber a cena poistky, ale najmä kvalita poistenia a šírka pokrytia. 
610 2 0 |a poisťovníctvo 
610 2 0 |a poisťovne 
610 2 0 |a trh poistný 
610 2 0 |a zmluvy poistné 
610 2 0 |a ochrana poistná 
610 2 0 |a riziko poistné 
610 2 0 |a poistenie 
610 2 0 |a podnikatelia 
100 1 |a Manning, Allan